000 00596nam a2200169Ia 4500
008 090711s9999 xx 000 0 und d
082 _b50382
100 _aअग्निहोत्री विठ्ठल स.
245 _aसिंहासन बत्तिशी
260 _c1851
300 _a160
600 _aअग्निहोत्री विठ्ठल स.
630 _aसिंहासन बत्तिशी
700 _aअग्निहोत्री विठ्ठल स.
730 _aसिंहासन बत्तिशी
942 _cBOOK
999 _c330678
_d330678